000 005660000a22001810004500
003 MACL
005 20160611143033.0
008 160611b xxu||||| |||| 00| 0 eng d
040 _aMACL
_cmacl
041 _aHindi
082 _a891.431
100 _aदिनेशनन्दिनी
_964376
245 _aसच कहीं से निकलकर नहीं आया
260 _bहिन्‍दी बुक सेन्‍टर
_c1999
_aनई दिल्‍ली
350 _a120
650 _aPoetry
_964377
942 _cHIN
_k891.431
_2ddc
999 _c29897
_d29897